000 00742nam a2200253Ia 4500
003 OSt
005 20220925214658.0
006 a|||||r|||| 00| 0
007 ta
008 220923b |||||||| |||| 00| 0 eng d
020 _a0903804911
037 _cGeneral Book
040 _aRTL
_cRTL
_beng
041 _2eng
_aeng
082 _aX9:75.1.P, M1
100 _aRothwell Roy
_9280923
245 0 _aIndustrial innovation and public policy
_b Preparing
260 _aLondon
_bFranees Pinter UK
_c1981
300 _a251p. Bib chaterwise
_ccm.
650 _aIndustrial Economy
700 _a Zegveld Walter
_9280924
942 _hX9:75.1.P, M1
_cGB
_2CC
999 _c566225
_d566225